[Event "DEM U10 2023"]
[Site "Willingen GER"]
[Date "2023.05.29"]
[Round "3"]
[White "Becker, Linus"]
[Black "Ziem, Ole"]
[Result "1-0"]
[Termination "normal"]
[Board "18"]
[WhiteElo "1445"]
[BlackElo "1312"]
[WhiteClock "00:51:01"]
[BlackClock "00:38:16"]
[PlyCount "137"]
[WhiteFideId "34614958"]
[BlackFideId "34624791"]
[EventCountry "GER"]
[EventRounds "11"]
[EventType "swiss"]
[EventDate "2023.05.27"]

1. c4 {[%clk 01:15:59]} e5 {[%clk 01:15:33]} {[%emt 00:00:27]} 2. g3 {[%clk
01:16:22]} {[%emt 00:00:07]} Nf6 {[%clk 01:15:39]} {[%emt 00:00:25]} 3. Bg2
{[%clk 01:16:43]} {[%emt 00:00:09]} Nc6 {[%clk 01:15:35]} {[%emt 00:00:34]} 4.
Nc3 {[%clk 01:16:59]} {[%emt 00:00:13]} Bc5 {[%clk 01:15:40]} {[%emt 00:00:25]}
5. a3 {[%clk 01:17:12]} {[%emt 00:00:18]} O-O {[%clk 01:15:37]} {[%emt
00:00:33]} 6. e3 {[%clk 01:17:33]} {[%emt 00:00:08]} d6 {[%clk 01:15:50]}
{[%emt 00:00:18]} 7. Nge2 {[%clk 01:17:30]} {[%emt 00:00:33]} Be6 {[%clk
01:16:02]} {[%emt 00:00:18]} 8. d4 {[%clk 01:17:46]} {[%emt 00:00:13]} exd4
{[%clk 01:16:13]} {[%emt 00:00:19]} 9. exd4 {[%clk 01:18:09]} {[%emt 00:00:07]}
Bb6 {[%clk 01:14:53]} {[%emt 00:01:51]} 10. d5 {[%clk 01:18:28]} {[%emt
00:00:11]} Ng4 {[%clk 01:15:09]} {[%emt 00:00:13]} 11. O-O {[%clk 01:18:14]}
{[%emt 00:00:44]} Qf6 {[%clk 01:14:58]} {[%emt 00:00:41]} 12. Nf4 {[%clk
01:17:27]} {[%emt 00:01:17]} Bd7 {[%clk 01:10:01]} {[%emt 00:05:26]} 13. dxc6
{[%clk 01:17:38]} {[%emt 00:00:20]} bxc6 {[%clk 01:10:23]} {[%emt 00:00:08]}
14. Ne4 {[%clk 01:11:46]} {[%emt 00:06:21]} Qf5 {[%clk 01:07:00]} {[%emt
00:03:53]} 15. h3 {[%clk 01:09:38]} {[%emt 00:02:37]} Nf6 {[%clk 01:04:11]}
{[%emt 00:03:18]} 16. Nxf6+ {[%clk 01:07:28]} {[%emt 00:02:42]} Qxf6 {[%clk
01:04:30]} {[%emt 00:00:12]} 17. Qc2 {[%clk 01:05:45]} {[%emt 00:02:11]} Bf5
{[%clk 01:01:06]} {[%emt 00:03:55]} 18. Be4 {[%clk 01:05:28]} {[%emt 00:00:46]}
Bxe4 {[%clk 01:00:41]} {[%emt 00:00:56]} 19. Qxe4 {[%clk 01:05:44]} {[%emt
00:00:13]} Rae8 {[%clk 00:55:54]} {[%emt 00:05:17]} 20. Qxc6 {[%emt 00:01:40]}
Re5 {[%clk 00:54:35]} {[%emt 00:00:57]} 21. Be3 {[%clk 01:03:30]} {[%emt
00:02:26]} Rfe8 {[%clk 00:51:26]} {[%emt 00:03:40]} 22. Bxb6 {[%clk 01:03:36]}
{[%emt 00:00:22]} axb6 {[%clk 00:51:48]} {[%emt 00:00:08]} 23. Kg2 {[%clk
01:02:54]} {[%emt 00:01:10]} h5 {[%clk 00:51:21]} {[%emt 00:00:59]} 24. Nxh5
{[%clk 01:00:38]} {[%emt 00:02:46]} Qh6 {[%clk 00:45:10]} {[%emt 00:06:41]} 25.
Nf4 {[%clk 00:58:03]} {[%emt 00:03:05]} R8e7 {[%clk 00:40:16]} {[%emt
00:05:25]} 26. Qf3 {[%clk 00:55:37]} {[%emt 00:02:55]} Rf5 {[%clk 00:36:47]}
{[%emt 00:03:59]} 27. Qd3 {[%clk 00:54:48]} {[%emt 00:01:18]} Ree5 {[%clk
00:35:36]} {[%emt 00:01:42]} 28. Rfe1 {[%clk 00:54:33]} {[%emt 00:00:44]} Qf6
{[%clk 00:35:00]} {[%emt 00:01:07]} 29. Rxe5 {[%clk 00:54:42]} {[%emt
00:00:21]} dxe5 {[%clk 00:35:11]} {[%emt 00:00:18]} 30. Nd5 {[%clk 00:53:06]}
{[%emt 00:02:06]} Rxf2+ {[%clk 00:33:59]} {[%emt 00:01:42]} 31. Kg1 {[%clk
00:53:25]} {[%emt 00:00:10]} Qf3 {[%clk 00:34:15]} {[%emt 00:00:15]} 32. Qxf3
{[%clk 00:53:27]} {[%emt 00:00:28]} Rxf3 {[%clk 00:34:39]} {[%emt 00:00:07]}
33. Kg2 {[%clk 00:53:36]} {[%emt 00:00:21]} Rb3 {[%clk 00:35:03]} {[%emt
00:00:06]} 34. Rb1 {[%clk 00:53:51]} {[%emt 00:00:15]} c6 {[%clk 00:35:16]}
{[%emt 00:00:17]} 35. Ne7+ {[%clk 00:54:11]} {[%emt 00:00:09]} Kf8 {[%clk
00:35:40]} {[%emt 00:00:06]} 36. Nxc6 {[%clk 00:54:32]} {[%emt 00:00:09]} f6
{[%clk 00:35:59]} {[%emt 00:00:12]} 37. a4 {[%clk 00:54:20]} {[%emt 00:00:42]}
Ke8 {[%clk 00:36:17]} {[%emt 00:00:12]} 38. a5 {[%clk 00:54:26]} {[%emt
00:00:24]} Kd7 {[%clk 00:36:36]} {[%emt 00:00:12]} 39. Na7 {[%clk 00:54:22]}
{[%emt 00:00:33]} bxa5 {[%clk 00:36:45]} {[%emt 00:00:20]} 40. Rd1+ {[%clk
00:54:08]} {[%emt 00:00:44]} Kc7 {[%clk 00:36:54]} {[%emt 00:00:21]} 41. Rd2
{[%clk 00:54:06]} {[%emt 00:00:33]} Rb4 {[%clk 00:36:58]} {[%emt 00:00:25]} 42.
Rc2 {[%clk 00:54:09]} {[%emt 00:00:27]} a4 {[%clk 00:36:33]} {[%emt 00:00:55]}
43. Kf2 {[%clk 00:53:47]} {[%emt 00:00:53]} Kb6 {[%clk 00:36:50]} {[%emt
00:00:13]} 44. Nb5 {[%clk 00:53:57]} {[%emt 00:00:19]} Kc5 {[%clk 00:36:57]}
{[%emt 00:00:23]} 45. Na3 {[%clk 00:53:31]} {[%emt 00:00:56]} e4 {[%clk
00:36:59]} {[%emt 00:00:28]} 46. g4 {[%clk 00:53:03]} {[%emt 00:00:58]} Rb3
{[%clk 00:36:53]} {[%emt 00:00:36]} 47. h4 {[%clk 00:52:17]} {[%emt 00:01:16]}
Rh3 {[%clk 00:36:10]} {[%emt 00:01:13]} 48. h5 {[%clk 00:52:36]} {[%emt
00:00:11]} Rf3+ {[%clk 00:36:02]} {[%emt 00:00:38]} 49. Kg2 {[%clk 00:52:37]}
{[%emt 00:00:29]} Rb3 {[%clk 00:36:08]} {[%emt 00:00:24]} 50. Rd2 {[%clk
00:51:02]} {[%emt 00:02:04]} Rd3 {[%clk 00:35:48]} {[%emt 00:00:51]} 51. Rxd3
{[%clk 00:51:00]} {[%emt 00:00:32]} exd3 {[%clk 00:36:04]} {[%emt 00:00:15]}
52. Kf2 {[%clk 00:51:17]} {[%emt 00:00:12]} Kd4 {[%clk 00:36:16]} {[%emt
00:00:19]} 53. c5 {[%clk 00:51:06]} {[%emt 00:00:42]} d2 {[%clk 00:34:58]}
{[%emt 00:01:48]} 54. Ke2 {[%clk 00:51:25]} {[%emt 00:00:10]} Kxc5 {[%clk
00:35:05]} 55. Kxd2 {[%clk 00:51:42]} {[%emt 00:00:35]} Kd4 {[%clk 00:35:32]}
{[%emt 00:00:05]} 56. Nc2+ {[%clk 00:51:46]} {[%emt 00:00:26]} Ke4 {[%clk
00:35:51]} {[%emt 00:00:10]} 57. Ne3 {[%clk 00:51:48]} {[%emt 00:00:27]} Kf4
{[%clk 00:36:01]} {[%emt 00:00:21]} 58. Nf5 {[%clk 00:51:42]} {[%emt 00:00:36]}
Kxg4 {[%clk 00:36:10]} {[%emt 00:00:21]} 59. Nxg7 {[%clk 00:52:05]} {[%emt
00:00:07]} Kg5 {[%clk 00:36:20]} {[%emt 00:00:20]} 60. Kc3 {[%clk 00:51:26]}
{[%emt 00:01:09]} Kh6 {[%clk 00:36:39]} {[%emt 00:00:10]} 61. Ne6 {[%clk
00:51:13]} {[%emt 00:00:44]} Kxh5 {[%clk 00:36:59]} {[%emt 00:00:11]} 62. Kb4
{[%clk 00:51:20]} {[%emt 00:00:22]} f5 {[%clk 00:37:19]} {[%emt 00:00:11]} 63.
Kxa4 {[%clk 00:51:27]} {[%emt 00:00:23]} Kg4 {[%clk 00:37:39]} {[%emt
00:00:10]} 64. b4 {[%clk 00:50:35]} {[%emt 00:01:22]} f4 {[%clk 00:38:04]}
{[%emt 00:00:05]} 65. Nxf4 {[%clk 00:50:44]} {[%emt 00:00:21]} Kxf4 {[%clk
00:38:28]} {[%emt 00:00:06]} 66. b5 {[%clk 00:50:59]} {[%emt 00:00:14]} Ke5
{[%clk 00:38:53]} {[%emt 00:00:05]} 67. Ka5 {[%clk 00:51:12]} {[%emt 00:00:17]}
Ke6 {[%clk 00:38:01]} {[%emt 00:01:22]} 68. Ka6 {[%clk 00:51:01]} {[%emt
00:00:41]} Kd7 {[%clk 00:38:16]} {[%emt 00:00:14]} 69. Ka7 {[%emt 00:01:23]}
1-0

[Event "DEM U10 2023"]
[Site "Willingen GER"]
[Date "2023.05.29"]
[Round "3"]
[White "Cremann, Jannis"]
[Black "Gendzelevsky, Stefan"]
[Result "1-0"]
[Termination "normal"]
[Board "19"]
[WhiteElo "1324"]
[BlackElo "1442"]
[WhiteClock "01:23:31"]
[BlackClock "00:16:00"]
[PlyCount "113"]
[WhiteFideId "34660178"]
[BlackFideId "34637672"]
[EventCountry "GER"]
[EventRounds "11"]
[EventType "swiss"]
[EventDate "2023.05.27"]

1. d4 {[%clk 01:15:57]} {[%emt 00:00:01]} Nf6 {[%clk 01:15:55]} {[%emt
00:00:06]} 2. c4 {[%clk 01:16:10]} {[%emt 00:00:18]} e6 {[%clk 01:16:21]}
{[%emt 00:00:03]} 3. Bg5 {[%clk 01:16:30]} {[%emt 00:00:11]} Bb4+ {[%clk
01:16:33]} {[%emt 00:00:18]} 4. Nd2 {[%clk 01:16:37]} {[%emt 00:00:23]} h6
{[%clk 01:14:38]} {[%emt 00:02:25]} 5. Bxf6 {[%clk 01:15:15]} {[%emt 00:01:51]}
Qxf6 {[%clk 01:14:58]} {[%emt 00:00:11]} 6. a3 {[%clk 01:14:26]} {[%emt
00:01:19]} Bxd2+ {[%clk 01:15:10]} {[%emt 00:00:17]} 7. Qxd2 {[%clk 01:14:44]}
{[%emt 00:00:12]} d5 {[%clk 01:15:24]} {[%emt 00:00:17]} 8. Rc1 {[%clk
01:13:53]} {[%emt 00:01:20]} Nc6 {[%clk 01:12:33]} {[%emt 00:03:20]} 9. Nf3
{[%clk 01:13:50]} {[%emt 00:00:34]} Bd7 {[%clk 01:10:14]} {[%emt 00:02:49]} 10.
e3 {[%clk 01:13:24]} {[%emt 00:00:56]} a5 {[%clk 01:08:57]} {[%emt 00:01:47]}
11. Bd3 {[%clk 01:13:19]} {[%emt 00:00:35]} dxc4 {[%clk 01:09:04]} {[%emt
00:00:23]} 12. Bxc4 {[%clk 01:13:06]} {[%emt 00:00:44]} O-O {[%clk 01:08:51]}
{[%emt 00:00:42]} 13. O-O {[%clk 01:13:26]} {[%emt 00:00:10]} Rfd8 {[%clk
01:05:46]} {[%emt 00:03:35]} 14. Qc2 {[%clk 01:11:26]} {[%emt 00:02:29]} Rac8
{[%clk 01:04:28]} {[%emt 00:01:48]} 15. Rfd1 {[%clk 01:11:22]} {[%emt
00:00:33]} Ne7 {[%clk 01:03:27]} {[%emt 00:01:33]} 16. Be2 {[%clk 01:11:03]}
{[%emt 00:00:48]} Qg6 {[%clk 01:02:44]} {[%emt 00:01:12]} 17. Bd3 {[%clk
01:10:41]} {[%emt 00:00:52]} Qf6 {[%clk 01:02:18]} {[%emt 00:00:55]} 18. e4
{[%clk 01:09:55]} {[%emt 00:01:17]} Bc6 {[%clk 00:54:21]} {[%emt 00:08:27]} 19.
b4 {[%clk 01:09:07]} {[%emt 00:01:18]} Ng6 {[%clk 00:43:59]} {[%emt 00:10:52]}
20. Re1 {[%clk 01:08:40]} {[%emt 00:00:56]} Nh4 {[%clk 00:40:52]} {[%emt
00:03:37]} 21. Nxh4 {[%clk 01:08:07]} {[%emt 00:01:02]} Qxh4 {[%clk 00:40:35]}
{[%emt 00:00:49]} 22. b5 {[%clk 01:08:01]} {[%emt 00:00:36]} Be8 {[%clk
00:39:59]} {[%emt 00:01:02]} 23. Qc3 {[%clk 01:07:31]} {[%emt 00:01:03]} Qg5
{[%clk 00:38:21]} {[%emt 00:02:05]} 24. b6 {[%clk 01:06:46]} {[%emt 00:01:19]}
cxb6 {[%clk 00:37:14]} {[%emt 00:01:36]} 25. Qxc8 {[%clk 01:06:23]} {[%emt
00:00:54]} Rxc8 {[%clk 00:37:15]} {[%emt 00:00:29]} 26. Rxc8 {[%clk 01:06:41]}
{[%emt 00:00:12]} Qe7 {[%clk 00:31:13]} {[%emt 00:06:29]} 27. Bb5 {[%clk
01:06:34]} {[%emt 00:00:41]} Kh7 {[%clk 00:30:32]} {[%emt 00:01:09]} 28. Rxe8
{[%clk 01:06:37]} {[%emt 00:00:28]} Qxa3 {[%clk 00:30:41]} {[%emt 00:00:18]}
29. Rb1 {[%clk 01:06:23]} {[%emt 00:00:46]} Qc3 {[%clk 00:29:27]} {[%emt
00:01:44]} 30. d5 {[%clk 01:06:22]} {[%emt 00:00:33]} exd5 {[%clk 00:27:19]}
{[%emt 00:02:37]} 31. exd5 {[%clk 01:06:45]} {[%emt 00:00:06]} Qc5 {[%clk
00:27:06]} {[%emt 00:00:33]} 32. Bd3+ {[%clk 01:06:52]} {[%emt 00:00:34]} g6
{[%clk 00:27:06]} {[%emt 00:00:30]} 33. Rd1 {[%clk 01:06:45]} {[%emt 00:00:37]}
Kg7 {[%clk 00:27:21]} {[%emt 00:00:15]} 34. Bxg6 {[%clk 01:05:44]} {[%emt
00:01:31]} Kxg6 {[%clk 00:22:45]} {[%emt 00:05:06]} 35. d6 {[%clk 01:05:31]}
{[%emt 00:00:43]} Qc2 {[%clk 00:20:12]} {[%emt 00:03:00]} 36. Ree1 {[%clk
01:05:48]} {[%emt 00:00:16]} b5 {[%clk 00:12:17]} {[%emt 00:08:25]} 37. d7
{[%clk 01:06:09]} {[%emt 00:00:09]} b4 {[%clk 00:12:42]} {[%emt 00:00:05]} 38.
d8=Q {[%clk 01:06:28]} {[%emt 00:00:12]} a4 {[%clk 00:12:42]} {[%emt 00:00:29]}
39. Qd4 {[%clk 01:06:22]} {[%emt 00:00:34]} b5 {[%clk 00:09:14]} {[%emt
00:03:59]} 40. Qxb4 {[%clk 01:06:40]} {[%emt 00:00:12]} Qf5 {[%clk 00:09:34]}
{[%emt 00:00:10]} 41. Qe4 {[%clk 01:06:44]} {[%emt 00:00:27]} a3 {[%clk
00:09:46]} {[%emt 00:00:19]} 42. Qxf5+ {[%clk 01:07:03]} {[%emt 00:00:10]} Kxf5
{[%clk 00:10:01]} {[%emt 00:00:13]} 43. Rd5+ {[%clk 01:07:25]} {[%emt
00:00:09]} Kf6 {[%clk 00:07:36]} {[%emt 00:02:53]} 44. Rxb5 {[%clk 01:07:48]}
{[%emt 00:00:08]} Kg6 {[%clk 00:04:54]} {[%emt 00:03:11]} 45. Ra5 {[%clk
01:07:21]} {[%emt 00:00:59]} a2 {[%clk 00:02:51]} {[%emt 00:02:31]} 46. Rxa2
{[%clk 01:06:58]} {[%emt 00:00:55]} f6 {[%clk 00:01:53]} {[%emt 00:01:27]} 47.
Re6 {[%clk 01:07:07]} {[%emt 00:00:23]} Kg5 {[%clk 00:01:14]} {[%emt 00:01:07]}
48. Raa6 {[%clk 01:07:07]} {[%emt 00:00:31]} f5 {[%clk 00:00:51]} {[%emt
00:00:52]} 49. Rxh6 {[%clk 01:07:28]} {[%emt 00:00:10]} Kf4 {[%clk 00:00:37]}
{[%emt 00:00:42]} 50. Rae6 {[%clk 01:07:43]} {[%emt 00:00:17]} Kg5 {[%clk
00:00:31]} {[%emt 00:00:35]} 51. g3 {[%clk 01:07:45]} {[%emt 00:00:28]} f4
{[%clk 00:00:35]} {[%emt 00:00:26]} 52. h4+ {[%clk 01:07:44]} {[%emt 00:00:33]}
Kg4 {[%clk 00:15:15]} {[%emt 00:01:17]} 53. Rhg6+ {[%clk 01:22:52]} {[%emt
00:00:22]} Kh3 {[%clk 00:15:25]} {[%emt 00:00:19]} 54. gxf4 {[%clk 01:22:45]}
{[%emt 00:00:38]} Kxh4 {[%clk 00:15:36]} {[%emt 00:00:17]} 55. Rg2 {[%clk
01:23:05]} {[%emt 00:00:11]} Kh5 {[%clk 00:15:44]} {[%emt 00:00:22]} 56. Reg6
{[%clk 01:23:25]} {[%emt 00:00:09]} Kh4 {[%clk 00:16:00]} {[%emt 00:00:13]} 57.
Rh6# {[%clk 01:23:31]} {[%emt 00:00:25]} 1-0

[Event "DEM U10 2023"]
[Site "Willingen GER"]
[Date "2023.05.29"]
[Round "3"]
[White "Wettstein, Levin"]
[Black "Weibrecht, Theo"]
[Result "1-0"]
[Termination "normal"]
[Board "20"]
[WhiteElo "1416"]
[BlackElo "1170"]
[WhiteClock "01:21:06"]
[BlackClock "01:07:29"]
[PlyCount "131"]
[WhiteFideId "34635866"]
[BlackFideId "34660240"]
[EventCountry "GER"]
[EventRounds "11"]
[EventType "swiss"]
[EventDate "2023.05.27"]

1. e4 {[%clk 01:15:59]} {[%emt 00:00:03]} c5 {[%clk 01:15:54]} {[%emt
00:00:04]} 2. Nc3 {[%clk 01:16:22]} {[%emt 00:00:07]} Nc6 {[%clk 01:16:16]}
{[%emt 00:00:08]} 3. Nf3 {[%clk 01:16:43]} {[%emt 00:00:09]} g6 {[%clk
01:16:40]} {[%emt 00:00:06]} 4. d4 {[%clk 01:17:00]} {[%emt 00:00:13]} cxd4
{[%emt 00:00:05]} 5. Nxd4 {[%emt 00:00:06]} Bg7 {[%clk 01:16:55]} {[%emt
00:00:03]} 6. Be3 {[%clk 01:17:18]} {[%emt 00:00:13]} Nf6 {[%clk 01:17:18]}
{[%emt 00:00:06]} 7. Bc4 {[%clk 01:17:26]} {[%emt 00:00:22]} Qa5 {[%clk
01:17:41]} {[%emt 00:00:07]} 8. O-O {[%clk 01:17:40]} {[%emt 00:00:16]} Qb4
{[%clk 01:18:03]} {[%emt 00:00:06]} 9. Bb3 {[%clk 01:17:28]} {[%emt 00:00:44]}
Nxe4 {[%clk 01:18:05]} {[%emt 00:00:25]} 10. Nxe4 {[%clk 01:17:23]} {[%emt
00:00:36]} Nxd4 {[%clk 01:17:44]} {[%emt 00:00:10]} 11. Bxd4 {[%clk 01:16:35]}
{[%emt 00:02:00]} Bxd4 {[%clk 01:18:07]} {[%emt 00:00:07]} 12. c3 {[%clk
01:16:40]} {[%emt 00:00:26]} Bxc3 {[%emt 00:00:13]} 13. Nxc3 {[%emt 00:00:13]}
O-O {[%emt 00:00:30]} 14. Nd5 {[%emt 00:00:46]} Qc5 {[%emt 00:00:37]} 15. Rc1
{[%emt 00:00:21]} Qd6 {[%clk 01:15:35]} {[%emt 00:00:20]} 16. Ne3 {[%clk
01:16:27]} {[%emt 00:00:44]} Qxd1 {[%clk 01:15:39]} {[%emt 00:00:14]} 17. Rfxd1
{[%clk 01:16:47]} {[%emt 00:00:21]} d6 {[%clk 01:15:22]} {[%emt 00:00:13]} 18.
Nd5 {[%clk 01:17:16]} {[%emt 00:00:35]} Be6 {[%emt 00:00:50]} 19. Nxe7+ {[%emt
00:01:30]} Kg7 {[%emt 00:00:13]} 20. Nd5 {[%emt 00:00:28]} Rfc8 {[%clk
01:11:42]} {[%emt 00:00:52]} 21. Nc7 {[%emt 00:00:53]} Bxb3 {[%emt 00:00:19]}
22. axb3 {[%emt 00:00:07]} Rab8 {[%clk 01:11:25]} {[%emt 00:00:14]} 23. Rxd6
{[%clk 01:16:35]} {[%emt 00:01:13]} Rd8 {[%clk 01:10:28]} {[%emt 00:00:26]} 24.
Rcd1 {[%clk 01:16:52]} {[%emt 00:01:13]} Rxd6 {[%emt 00:00:16]} 25. Rxd6 {[%emt
00:00:07]} Rc8 {[%emt 00:00:05]} 26. Rd7 {[%emt 00:00:15]} Kf6 {[%emt
00:00:23]} 27. f3 {[%emt 00:00:36]} Kg7 {[%clk 01:08:55]} {[%emt 00:00:17]} 28.
Kf2 {[%clk 01:17:06]} {[%emt 00:00:20]} Kf6 {[%emt 00:00:05]} 29. Ke3 {[%emt
00:00:11]} Ke5 {[%clk 01:09:01]} {[%emt 00:00:06]} 30. f4+ {[%clk 01:16:53]}
{[%emt 00:00:46]} Kf6 {[%emt 00:00:11]} 31. Ke4 {[%emt 00:00:28]} Kg7 {[%clk
01:08:36]} {[%emt 00:00:14]} 32. g4 {[%clk 01:16:52]} {[%emt 00:00:32]} a6
{[%clk 01:08:40]} {[%emt 00:00:26]} 33. g5 {[%clk 01:17:10]} {[%emt 00:00:11]}
a5 {[%clk 01:08:54]} {[%emt 00:00:16]} 34. Ne6+ {[%clk 01:17:26]} {[%emt
00:00:15]} Kg8 {[%emt 00:00:15]} 35. Rd8+ {[%emt 00:00:08]} Rxd8 {[%emt
00:00:04]} 36. Nxd8 {[%emt 00:00:23]} b6 {[%clk 01:08:29]} {[%emt 00:00:06]}
37. Nb7 {[%clk 01:17:41]} {[%emt 00:00:14]} Kf8 {[%clk 01:08:52]} {[%emt
00:00:07]} 38. Kd5 {[%clk 01:18:01]} {[%emt 00:00:11]} Ke7 {[%clk 01:09:12]}
{[%emt 00:00:08]} 39. Nd6 {[%clk 01:17:58]} {[%emt 00:00:34]} f5 {[%emt
00:00:19]} 40. gxf6+ {[%emt 00:00:14]} Kxf6 {[%emt 00:00:10]} 41. Ke4 {[%emt
00:00:15]} g5 {[%emt 00:00:16]} 42. fxg5+ {[%emt 00:00:05]} Kxg5 {[%emt
00:00:08]} 43. Kf3 {[%emt 00:00:10]} h5 {[%clk 01:07:52]} {[%emt 00:00:14]} 44.
Nc4 {[%clk 01:18:22]} {[%emt 00:00:06]} b5 {[%clk 01:07:42]} {[%emt 00:00:40]}
45. Nxa5 {[%clk 01:18:46]} {[%emt 00:00:06]} Kf5 {[%clk 01:08:04]} {[%emt
00:00:07]} 46. h4 {[%clk 01:19:03]} {[%emt 00:00:14]} Kg6 {[%clk 01:08:15]}
{[%emt 00:00:19]} 47. Nc6 {[%clk 01:19:17]} {[%emt 00:00:17]} Kf6 {[%emt
00:00:15]} 48. Nd4 {[%emt 00:00:07]} b4 {[%emt 00:00:07]} 49. Nc6 {[%emt
00:00:01]} Ke6 {[%emt 00:00:10]} 50. Nxb4 {[%emt 00:00:05]} Kd6 {[%emt
00:00:02]} 51. Kf4 {[%emt 00:00:12]} Kc5 {[%emt 00:00:10]} 52. Kg5 {[%emt
00:00:11]} Kxb4 {[%emt 00:00:09]} 53. Kxh5 {[%emt 00:00:05]} Kc5 {[%emt
00:00:05]} 54. Kg6 {[%emt 00:00:09]} Kd6 55. h5 {[%emt 00:00:09]} Ke7 {[%clk
01:06:40]} {[%emt 00:00:07]} 56. Kg7 {[%clk 01:19:42]} {[%emt 00:00:05]} Kd6
57. h6 {[%emt 00:00:17]} Kc5 {[%clk 01:06:52]} 58. h7 {[%clk 01:19:57]} {[%emt
00:00:15]} Kb4 {[%clk 01:07:19]} {[%emt 00:00:03]} 59. h8=Q {[%clk 01:20:19]}
{[%emt 00:00:08]} Kxb3 {[%emt 00:00:04]} 60. Kf7 {[%emt 00:00:21]} Ka2 {[%emt
00:00:10]} 61. b4 {[%emt 00:00:17]} Ka3 {[%clk 01:06:44]} {[%emt 00:00:12]} 62.
b5 {[%clk 01:20:30]} {[%emt 00:00:18]} Ka4 {[%clk 01:07:10]} {[%emt 00:00:04]}
63. b6 {[%clk 01:20:51]} {[%emt 00:00:09]} Ka5 {[%clk 01:07:32]} {[%emt
00:00:08]} 64. b7 {[%clk 01:21:14]} {[%emt 00:00:07]} Ka6 {[%emt 00:00:10]} 65.
b8=Q {[%emt 00:00:14]} Ka5 {[%clk 01:07:29]} {[%emt 00:00:09]} 66. Qa1# {[%clk
01:21:06]} {[%emt 00:00:08]} 1-0

[Event "DEM U10 2023"]
[Site "Willingen GER"]
[Date "2023.05.29"]
[Round "3"]
[White "Li, Yunqi"]
[Black "Franke, Moritz"]
[Result "1-0"]
[Termination "normal"]
[Board "21"]
[WhiteElo "1609"]
[BlackElo "1141"]
[WhiteClock "00:54:49"]
[BlackClock "01:04:40"]
[PlyCount "47"]
[WhiteFideId "34610618"]
[BlackFideId "34629475"]
[EventCountry "GER"]
[EventRounds "11"]
[EventType "swiss"]
[EventDate "2023.05.27"]

1. d4 {[%clk 01:15:58]} {[%emt 00:00:01]} Nf6 {[%clk 01:15:52]} {[%emt
00:00:08]} 2. Nf3 {[%clk 01:16:24]} {[%emt 00:00:04]} e6 {[%clk 01:15:22]}
{[%emt 00:01:00]} 3. Bg5 {[%clk 01:16:49]} {[%emt 00:00:05]} Be7 {[%clk
01:15:27]} {[%emt 00:00:26]} 4. e3 {[%clk 01:16:44]} {[%emt 00:00:36]} Nc6
{[%clk 01:15:31]} {[%emt 00:00:26]} 5. c3 {[%clk 01:15:41]} {[%emt 00:01:33]}
d5 {[%clk 01:15:27]} {[%emt 00:00:34]} 6. Bd3 {[%clk 01:15:56]} {[%emt
00:00:15]} Bd7 {[%clk 01:15:17]} {[%emt 00:00:40]} 7. Nbd2 {[%clk 01:16:12]}
{[%emt 00:00:14]} O-O {[%clk 01:15:29]} {[%emt 00:00:17]} 8. Ne5 {[%clk
01:15:15]} {[%emt 00:01:28]} h6 {[%clk 01:14:41]} {[%emt 00:01:18]} 9. Bh4
{[%clk 01:15:35]} {[%emt 00:00:09]} Nxe5 {[%clk 01:14:12]} {[%emt 00:00:59]}
10. dxe5 {[%clk 01:15:47]} {[%emt 00:00:18]} Ne8 {[%clk 01:14:12]} {[%emt
00:00:31]} 11. Bg3 {[%clk 01:15:15]} {[%emt 00:01:01]} c5 {[%clk 01:14:06]}
{[%emt 00:00:37]} 12. Nf3 {[%clk 01:13:22]} {[%emt 00:02:22]} c4 {[%clk
01:14:05]} {[%emt 00:00:32]} 13. Bc2 {[%clk 01:10:24]} {[%emt 00:03:27]} Bc5
{[%clk 01:13:33]} {[%emt 00:01:01]} 14. O-O {[%clk 01:08:29]} {[%emt 00:02:26]}
Bc6 {[%clk 01:13:19]} {[%emt 00:00:43]} 15. Nd4 {[%clk 01:08:06]} {[%emt
00:00:54]} Qb6 {[%clk 01:12:43]} {[%emt 00:01:05]} 16. Rb1 {[%clk 01:05:01]}
{[%emt 00:03:37]} Bxd4 {[%clk 01:12:42]} {[%emt 00:00:30]} 17. exd4 {[%clk
01:05:14]} {[%emt 00:00:18]} Nc7 {[%clk 01:11:42]} {[%emt 00:01:28]} 18. Bh4
{[%clk 00:59:53]} {[%emt 00:05:52]} Bd7 {[%clk 01:07:13]} {[%emt 00:04:58]} 19.
f4 {[%clk 00:56:59]} {[%emt 00:03:25]} a5 {[%clk 01:06:51]} {[%emt 00:00:53]}
20. Rf3 {[%clk 00:56:21]} {[%emt 00:01:08]} a4 {[%clk 01:06:43]} {[%emt
00:00:38]} 21. a3 {[%clk 00:55:12]} {[%emt 00:01:39]} Qa7 {[%clk 01:05:38]}
{[%emt 00:01:35]} 22. Rg3 {[%clk 00:55:18]} {[%emt 00:00:23]} Rfe8 {[%clk
01:05:10]} {[%emt 00:00:58]} 23. Bf6 {[%clk 00:54:49]} {[%emt 00:00:59]} g6
{[%clk 01:04:40]} {[%emt 00:00:59]} 24. Qh5 {[%emt 00:06:22]} 1-0